Vista normal Vista MARC

Entrada Topical Term

Número de registros utilizados en: 9

001 - CONTROL NUMBER

  • control field: 4048

003 - CONTROL NUMBER IDENTIFIER

  • control field: OSt

005 - DATE AND TIME OF LATEST TRANSACTION

  • control field: 20230915225540.0

008 - FIXED-LENGTH DATA ELEMENTS

  • fixed length control field: 230915|| aca||aabn | a|a d

040 ## - CATALOGING SOURCE

  • Original cataloging agency: OSt
  • Transcribing agency: OSt

150 ## - HEADING--TOPICAL TERM

  • Topical term or geographic name entry element: FITOQUIMICA

670 ## - SOURCE DATA FOUND

  • Source citation: Work cat.: (OSt)17623: Bruneton, Jean 4046, Elementos de fitoquímica y de farmacognosia, 1991









Instituto Departamental de Cultura del Meta - Red Departamental de Bibliotecas Públicas del Meta.